|
|
|
|
| LEADER |
00000nas a22000007a 4500 |
| 001 |
ssj0007220 |
| 003 |
WaSeSS |
| 005 |
20200512172242.0 |
| 006 |
m d |
| 007 |
cr n |
| 008 |
860710c19869999vauwr pes 0 a0eng d |
| 010 |
|
|
|a sn 86011317
|
| 022 |
|
|
|l 0889-3357
|y 0889-3357
|
| 035 |
|
|
|a (WaSeSS)ssj0007220
|
| 037 |
|
|
|b Richmond Business Journal, 3705 Saunders Ave., Richmond, VA 23227
|
| 040 |
|
|
|a NSD
|b eng
|c NSD
|d OCLCQ
|d WaSeSS
|
| 042 |
|
|
|a nsdp
|
| 082 |
1 |
0 |
|a 330
|2 11
|
| 210 |
0 |
|
|a Richmond bus. j.
|
| 222 |
|
4 |
|a The Richmond business journal
|
| 245 |
0 |
4 |
|a The Richmond business journal
|h [electronic resource].
|
| 246 |
1 |
0 |
|a Business journal
|
| 260 |
|
|
|a [Richmond, Va.] :
|b [Richmond Business Journal],
|c [1986]-
|
| 310 |
|
|
|a Weekly
|
| 362 |
0 |
|
|a Vol. 1, no. 1 (week of Aug. 18, 1986)-
|
| 500 |
|
|
|a Title from caption.
|
| 506 |
|
|
|a License restrictions may limit access.
|
| 588 |
|
|
|a Latest issue consulted: Vol. 1, no. 4 (week of Sept. 8-14, 1986).
|
| 655 |
|
0 |
|a Electronic journals.
|
| 856 |
4 |
0 |
|z Full text available from Research Library: 11/02/1987 to 02/15/1988
|u https://search.proquest.com/publication/3216
|